000 00645nam a2200241 a 4500
001 57334
003 BD-RjUL
005 20211209080509.0
008 161208s1976 ii b 001 0 eng
020 _c: IRs. 45.00
035 _a(BD-RjUL)57458
040 _aDLC
_cDLC
_dBD-RjUL
_beng
041 _aeng
082 0 0 _a305.30954
_223
_bRAR 1976
100 0 _aKala Rani.
_9170280
245 1 0 _aRole conflict in working women /
_cKala Rani.
250 _a1st ed.
260 _aNew Delhi :
_bChetana Publications,
_c1976.
300 _ax, 242 p. ;
_c23 cm.
500 _aIncludes index.
650 0 _aSex role
_zIndia.
_9170281
942 _2ddc
_cBK
999 _c57334
_d57334